<?xml version="1.0" encoding="UTF-8"?>
<record
    xmlns:xsi="http://www.w3.org/2001/XMLSchema-instance"
    xsi:schemaLocation="http://www.loc.gov/MARC21/slim http://www.loc.gov/standards/marcxml/schema/MARC21slim.xsd"
    xmlns="http://www.loc.gov/MARC21/slim">

  <leader>02915cam a2200349 a 4500</leader>
  <controlfield tag="001">17474879</controlfield>
  <controlfield tag="003">PILC</controlfield>
  <controlfield tag="005">20150805142105.0</controlfield>
  <controlfield tag="008">120924s2014    mdua     b    001 0 eng  </controlfield>
  <datafield tag="010" ind1=" " ind2=" ">
    <subfield code="a">  2012038966</subfield>
  </datafield>
  <datafield tag="020" ind1=" " ind2=" ">
    <subfield code="a">9781451128338</subfield>
  </datafield>
  <datafield tag="035" ind1=" " ind2=" ">
    <subfield code="a">(DNLM)101592709</subfield>
  </datafield>
  <datafield tag="040" ind1=" " ind2=" ">
    <subfield code="a">DNLM/DLC</subfield>
    <subfield code="c">DLC</subfield>
    <subfield code="d">DLC</subfield>
  </datafield>
  <datafield tag="042" ind1=" " ind2=" ">
    <subfield code="a">pcc</subfield>
  </datafield>
  <datafield tag="050" ind1="0" ind2="0">
    <subfield code="a">RT 82</subfield>
    <subfield code="b">.H87 2014</subfield>
  </datafield>
  <datafield tag="060" ind1="1" ind2="0">
    <subfield code="a">WY 16</subfield>
  </datafield>
  <datafield tag="082" ind1="0" ind2="0">
    <subfield code="a">610.73</subfield>
  </datafield>
  <datafield tag="100" ind1="1" ind2=" ">
    <subfield code="a">Huston, Carol Jorgensen.</subfield>
  </datafield>
  <datafield tag="245" ind1="1" ind2="0">
    <subfield code="a">Professional issues in nursing :</subfield>
    <subfield code="b">challenges &amp; opportunities /</subfield>
    <subfield code="c">Carol J. Huston.</subfield>
  </datafield>
  <datafield tag="250" ind1=" " ind2=" ">
    <subfield code="a">3rd ed.</subfield>
  </datafield>
  <datafield tag="260" ind1=" " ind2=" ">
    <subfield code="a">Baltimore, MD :</subfield>
    <subfield code="b">Wolters Kluwer Health/Lippincott Williams &amp; Wilkins,</subfield>
    <subfield code="c">2014.</subfield>
  </datafield>
  <datafield tag="300" ind1=" " ind2=" ">
    <subfield code="a">x, 416 pages. :</subfield>
    <subfield code="b">illustrations ;</subfield>
    <subfield code="c">23 cm.</subfield>
  </datafield>
  <datafield tag="500" ind1=" " ind2=" ">
    <subfield code="a">Includes bibliographical references and index.</subfield>
  </datafield>
  <datafield tag="505" ind1="0" ind2=" ">
    <subfield code="a">Entry into practice : the debate rages on / Carol Huston -- Evidence based practice / Suzanne Prevost -- Developing effective leaders to meet 21st century healthcare challenges / Bernadette Mazurek Melnyk, Kathy Malloch, and Lynn Gallagher-Ford -- Using simulation to teach nurses / Sherry D. Fox and Rebekah Damazo -- The current nursing shortage : causes, consequences, and solutions / Carol Huston -- Importing foreign nurses / Carol Huston -- Unlicensed assistive personnel and the registered nurse / Carol Huston -- Socialization and mentoring / Jeanne Madison -- Diversity in the nursing workforce / Carol Huston -- New graduate RN transition to practice programs / Deloras Jones and Nikki West -- Mandatory minimum staffing ratios : are they working? / Carol Huston -- Mandatory overtime in nursing : how much? how often? / Carol Huston -- Violence in nursing : the expectations and the reality / Charmaine Hockley -- Technology in the health care workplace : benefits, limitations, and challenges / Carol Huston -- Medical errors : an ongoing threat to quality health care / Carol Huston -- Whistle-blowing in nursing / Carol Huston -- Impaired nursing practice : what are we doing about it? / Jennifer Lillibridge -- Collective bargaining and the professional nurse / Carol Huston -- Ensuring provider competency through licensure, continuing education, and certification / Carol Huston -- The nursing profession's historic struggle to increase its power base / Carol Huston -- Professional identity and image / Carol Huston -- Advanced practice nursing : the latest issues and trends / Margaret Rowberg -- Nursing, policy, and politics : understanding the connection and importance of getting involved / Donna M. Nickitas -- Nursing's professional associations / Marjorie Beyers.</subfield>
  </datafield>
  <datafield tag="650" ind1="1" ind2="2">
    <subfield code="a">Nursing</subfield>
    <subfield code="x">trends</subfield>
    <subfield code="z">United States.</subfield>
  </datafield>
  <datafield tag="650" ind1="2" ind2="2">
    <subfield code="a">Ethics, Nursing</subfield>
    <subfield code="z">United States.</subfield>
  </datafield>
  <datafield tag="650" ind1="2" ind2="2">
    <subfield code="a">Nurse's Role</subfield>
    <subfield code="z">United States.</subfield>
  </datafield>
  <datafield tag="650" ind1="2" ind2="2">
    <subfield code="a">Nursing</subfield>
    <subfield code="x">manpower</subfield>
    <subfield code="z">United States.</subfield>
  </datafield>
  <datafield tag="650" ind1="2" ind2="2">
    <subfield code="a">Professional Competence</subfield>
    <subfield code="z">United States.</subfield>
  </datafield>
  <datafield tag="906" ind1=" " ind2=" ">
    <subfield code="a">7</subfield>
    <subfield code="b">cbc</subfield>
    <subfield code="c">orignew</subfield>
    <subfield code="d">1</subfield>
    <subfield code="e">ecip</subfield>
    <subfield code="f">20</subfield>
    <subfield code="g">y-gencatlg</subfield>
  </datafield>
  <datafield tag="942" ind1=" " ind2=" ">
    <subfield code="2">lcc</subfield>
    <subfield code="c">BK</subfield>
    <subfield code="k">FOR</subfield>
  </datafield>
  <datafield tag="999" ind1=" " ind2=" ">
    <subfield code="c">288337</subfield>
    <subfield code="d">288337</subfield>
  </datafield>
  <datafield tag="952" ind1=" " ind2=" ">
    <subfield code="0">0</subfield>
    <subfield code="1">0</subfield>
    <subfield code="2">lcc</subfield>
    <subfield code="4">0</subfield>
    <subfield code="a">CL</subfield>
    <subfield code="b">CL</subfield>
    <subfield code="c">RES</subfield>
    <subfield code="d">2015-08-05</subfield>
    <subfield code="e">Library Fund</subfield>
    <subfield code="g">4068.00</subfield>
    <subfield code="l">1</subfield>
    <subfield code="m">1</subfield>
    <subfield code="o">RT 82 .H87 2014</subfield>
    <subfield code="p">C19658</subfield>
    <subfield code="r">2018-05-15 00:00:00</subfield>
    <subfield code="s">2016-02-26</subfield>
    <subfield code="w">2015-08-05</subfield>
    <subfield code="y">BK</subfield>
  </datafield>
</record>
